| 000 | 00796nam a2200253 i 4500 | ||
|---|---|---|---|
| 001 | 16710 | ||
| 003 | ES-MaACL | ||
| 005 | 20240507100710.0 | ||
| 007 | t| | ||
| 008 | 001026s2000 sp ||||1| spa d | ||
| 020 | _a84-414-0739-8 | ||
| 080 | _a821.134.2-34"19"(082.2) | ||
| 245 | 0 | 0 |
_aCuentos de ciclismo : _bantología coordinada por Luis Martínez de Mingo ; [prólogo de Mariano Rajoy]. |
| 260 |
_aMadrid : _bEdaf, _c[2000] |
||
| 300 |
_a287 p. ; _c23 cm. |
||
| 490 | 1 | _aEdaf narrativa | |
| 650 | 4 |
_aCuentos españoles- _yS.XX. _911487 |
|
| 700 | 0 |
_aMartínez de Mingo, Luis, _d1948- _epbl _978020 |
|
| 700 | 1 |
_aRajoy, Mariano, _d1955- _eaui _995045 |
|
| 830 | 0 |
_aEdaf narrativa _9191137 |
|
| 852 |
_aES-MaACL _jL-23875 _bR.129016 |
||
| 942 | _2udc | ||
| 999 |
_c16710 _d16710 |
||